Communes du Gers de A à Z - Statistiques

Statistiques générales
  • Ce quiz a été pris 25 fois
  • Le résultat moyen est 9 sur 20
Statistiques - réponses
Ville Nombre d'Habitants % Correct
A Auch 22 428
100%
(L') I L'Isle Jourdain 9 537
85%
C Condom 6 473
80%
M Mirande 3 457
65%
E Eauze 4 108
55%
L Lectoure 3 670
55%
F Fleurance 6 247
50%
G Gimont 3 146
45%
N Nogaro 2 238
45%
V Vic-Fezensac 3 577
45%
(Le) H Le Houga 1 202
40%
P Pavie 2 566
40%
R Riscle 1 622
35%
B Barcelonne-du-Gers 1 401
30%
J Jegun 1 176
30%
S Samatan 2 517
30%
D Duran 862
20%
O Ordan-Larroque 858
10%
U Urdens 264
5%
T Touget 495
0%
Aucun quiz correspondant
Distribution des résultats
% des personnes avec chaque résultat
Percentile par nombre de réponses
Votre historique - résultats
Vous n’avez pas pris ce quiz